000 00723nam a2200241Ia 4500
003 OSt
005 20220923225554.0
006 a|||||r|||| 00| 0
007 ta
008 Pun
024 _a271,680
037 _cTextual
040 _aARTS
_cARTS
_bPun
041 _2Pun
_aPun
082 _aO153,3M81x, M5
100 _aਸਿੰਘ, ਪੂਰਨ
245 0 _aਨੌਲੱਖਾ ਹਾਰ ਅਤੇ ਹੋਰ ਕਹਾਣਿਆਂ
260 _aਪਟਿਆਲਾ
_b ਪੰਜਾਬੀ ਯੂਨੀਵਰਸਿਟੀ
_c1985
300 _a145ਪੰ
_ccm.
650 _aਪੰਜਾਬੀ ਸਾਹਿਤ
942 _hO153,3M81x, M5
_cTEXL
_2CC
999 _c379183
_d379183